20 best french footballers of all time - Statistics

General Stats
  • This quiz has been taken 289 times
  • The average score is 12 of 20
Answer Stats
Hint Answer % Correct
MF Zinedine Zidane
98%
FW Kylian Mbappe
96%
FW Thierry Henry
93%
FW Antoine Griezmann
83%
MF Michel Platini
82%
FW Karim Benzema
68%
DF Lillian Thuram
64%
DF Marcel Desailly
61%
DF Laurent Blanc
60%
MF Patrick Vieira
58%
FW David Trezeguet
55%
MF Didier Deschamps
54%
MF Emmanuel Petit
50%
MF Claude Makelele
49%
FW Franck Ribery
47%
FW Jean-Pierre Papin
43%
FW Just Fontaine
41%
FW Eric Cantona
39%
DF Bixente Lizarazu
36%
MF Raymond Kopa
36%
No matching quizzes found
Score Distribution
Percent of People with Each Score
Percentile by Number Answered
Your Score History
You have not taken this quiz